| 000 | 01306cam a2200349 a 4500 | ||
|---|---|---|---|
| 001 | 3508329 | ||
| 003 | OSt | ||
| 005 | 20140310181918.0 | ||
| 008 | 951211s1996 nyua 000 0 eng | ||
| 010 | _a 95052156 | ||
| 020 | _a0134700074 | ||
| 040 |
_aDLC _cDLC _dDLC |
||
| 043 | _an-us--- | ||
| 050 | 0 | 0 |
_aGV 365 _b.L85 1996 |
| 082 | 0 | 0 |
_aTR 650.14 _bB38 2001 |
| 100 | 1 |
_aLumsden, Ken. _91195 |
|
| 245 | 1 | 0 |
_aReady-to-use secondary P.E. activities program : _blessons, tournaments & assessments for grades 6-12 / _cKen Lumsden, Sally Jones. |
| 246 | 3 | 0 | _aSecondary P.E. activities program |
| 246 | 3 | _aReady-to-use secondary physical education activities program | |
| 246 | 3 | _aSecondary physical education activities program | |
| 260 |
_aWest Nyack, N.Y. : _bParker Publishing, _cc1996. |
||
| 300 |
_a329 p. : _bill. ; _c28 cm. |
||
| 521 | _aFaculty. | ||
| 541 | _j1 | ||
| 562 | _e1 | ||
| 650 | 0 |
_aPhysical education and training _xStudy and teaching (Secondary) _zUnited States. _91196 |
|
| 650 | 0 |
_aPhysical fitness _zUnited States _xTesting. _91197 |
|
| 700 | 1 |
_aJones, Sally Donna, _d1942- _91198 |
|
| 906 |
_a7 _bcbc _corignew _d1 _eocip _f19 _gy-gencatlg |
||
| 942 |
_2lcc _cBK-TR _kTR |
||
| 999 |
_c6833 _d6833 |
||